000 00449nab a2200145Ia 4500
003 ES-SlBCS
005 20210601144424.0
008 140529s1996 xxu||||| |||| 00| 0 spa d
041 _aspa
100 1 _aTedesco, Juan Carlos
_9240661
245 0 0 _aLos desafíos de la transversalidad en la educación
_c Juan Carlos Tedesco
650 0 4 _aTransversalidad
_9220443
773 0 _tRevista de Educacion
_gnº. 309, 1996, págs. 7-21
_wRev360
942 _cAR
999 _c708368
_d708368